Online
Catalog

Escritos politicos / (Record no. 13969)

MARC details
000 -CABECERA
campo de control de longitud fija 01081cam a2200277 a 4500
001 - NÚMERO DE CONTROL
campo de control 000014377
005 - FECHA Y HORA DE LA ÚLTIMA TRANSACCIÓN
campo de control 20200929163608.0
008 - DATOS DE LONGITUD FIJA--INFORMACIÓN GENERAL
campo de control de longitud fija 910607m19901993ck a b 001 0 spa
010 ## - NÚMERO DE CONTROL DE LA BIBLIOTECA DEL CONGRESO
Número de control de LC 91159934
040 ## - FUENTE DE LA CATALOGACIÓN
Centro catalogador/agencia de origen DO-SdBNP
Centro/agencia transcriptor DLC
Centro/agencia modificador DLC
043 ## - CÓDIGO DE ÁREA GEOGRÁFICA
Código de área geográfica s-ck---
050 00 - SIGNATURA TOPOGRÁFICA DE LA BIBLIOTECA DEL CONGRESO
Número de clasificación PQ8179
Número de documento/Ítem .C24 1979 t. 9
Número de clasificación F2276
082 00 - NÚMERO DE LA CLASIFICACIÓN DECIMAL DEWEY
Número de clasificación 320.9861
Número de edición 20
100 1# - ENTRADA PRINCIPAL--NOMBRE DE PERSONA
Nombre de persona Caro, Miguel Antonio,
Fechas asociadas al nombre 1843-1909.
9 (RLIN) 32470
245 10 - MENCIÓN DE TÍTULO
Título Escritos politicos /
Mención de responsabilidad, etc. Miguel Antonio Caro ; estudio preliminar, compilacion y notas por Carlos Valderrama Andrade.
260 ## - PUBLICACIÓN, DISTRIBUCIÓN, ETC.
Lugar de publicación, distribución, etc. Bogota :
Nombre del editor, distribuidor, etc. Instituto Caro y Cuervo,
Fecha de publicación, distribución, etc. 1990-1993.
300 ## - DESCRIPCIÓN FÍSICA
Extensión 4 v. :
Otras características físicas ill. ;
Dimensiones 22 cm.
440 #0 - MENCIÓN DE SERIE/PUNTO DE ACCESO ADICIONAL--TÍTULO
Título Biblioteca colombiana ;
Designación de volumen o secuencia 33-36
9 (RLIN) 6260
490 1# - MENCIÓN DE SERIE
Mención de serie Obras completas de Miguel Antonio Caro ;
Designación de volumen o secuencia t. 9-12
504 ## - NOTA DE BIBLIOGRAFÍA, ETC.
Nota de bibliografía, etc. Includes bibliographical references and index.
651 #0 - PUNTO DE ACCESO ADICIONAL DE MATERIA--NOMBRE GEOGRÁFICO
Nombre geográfico Colombia
Subdivisión general Politics And Government
Subdivisión cronológica 1863-1885.
9 (RLIN) 32471
651 #0 - PUNTO DE ACCESO ADICIONAL DE MATERIA--NOMBRE GEOGRÁFICO
Nombre geográfico Colombia
Subdivisión general Politics And Government
Subdivisión cronológica 1886-1903.
9 (RLIN) 32472
700 2# - PUNTO DE ACCESO ADICIONAL--NOMBRE DE PERSONA
Nombre de persona Valderrama Andrade, Carlos.
9 (RLIN) 32473
800 1# - PUNTO DE ACCESO ADICIONAL DE SERIE--NOMBRE DE PERSONA
Nombre de persona Caro, Miguel Antonio,
Fechas asociadas al nombre 1843-1909.
Título de la obra Works.
Fecha de publicación/de la obra 1979 ;
Designación de volumen o secuencia t. 9-12.
9 (RLIN) 32474
910 ## - DATOS DE OPCIÓN DEL USUARIO (OCLC)
Datos de opción del usuario DC
Holdings
Estado de retiro Estado de pérdida Restricciones de uso No para préstamo Código de colección Localización permanente Ubicación/localización actual Ubicación en estantería Fecha de adquisición Número de inventario Total de préstamos Signatura topográfica completa Código de barras Fecha visto por última vez Precio válido a partir de Tipo de ítem Koha Número de copia
    Préstamo interno   Monografías: Libros y Folletos General General En catalogación 10.12.2009 LF1   320.9861 14377-10 25.06.2020 25.06.2020 Préstamo interno  
    Préstamo restringido Préstamo restrigido Monografías: Libros y Folletos General General En catalogación 10.12.2009 LF1   320.9861 14377-20 25.06.2020 25.06.2020 Préstamo interno e.2

Powered by Koha